| 000 | 00548nam a2200193 i 4500 | ||
|---|---|---|---|
| 001 | 134916 | ||
| 003 | ES-MaACL | ||
| 005 | 20230906194753.0 | ||
| 007 | t| | ||
| 008 | 070703s1973 sp ||||1| spa d | ||
| 080 | _a830-94"19" | ||
| 100 | 1 |
_aThorwald, Jürgen. _9110160 |
|
| 245 | 1 | 4 |
_aLos pacientes / _cJürgen Thorwald ; [traducción de Ramón Ibero]. |
| 250 | _a[1ª ed.]. | ||
| 260 |
_a[Barcelona] : _bPlaza & Janés, _c[1973] |
||
| 300 |
_a589 p. ; _c22 cm. |
||
| 700 | 1 |
_aIbero, Ramón. _964989 |
|
| 852 |
_aES-MaACL _jC-53308 _bR.86253 |
||
| 999 |
_c134916 _d134916 |
||